书目信息 |
| 题名: |
2008年版全国造价工程师执业资格考试应试指南
|
|
| 作者: | 尹贻林 主编 ;柯洪 , 杨红雄 编 | |
| 分册: | 工程造价计价与控制 | |
| 出版信息: | 北京 中国计划出版社 2008.04 |
|
| 页数: | 227页 | |
| 开本: | 26cm | |
| 丛书名: | ||
| 单 册: | ||
| 中图分类: | TU723.3 | |
| 科图分类: | ||
| 主题词: | 建筑工程--工程造价--考核--自学参考资料 | |
| 电子资源: | ||
| ISBN: | 978-7-80177-442-2 | |
| 000 | 01101nam0 2200277 450 | |
| 001 | 003825060 | |
| 005 | 20100812160630.28 | |
| 010 | @a978-7-80177-442-2@dCNY30.00 | |
| 090 | @aTU72@byyl | |
| 100 | @a20100515d2008 em y0chiy50 ea | |
| 101 | 0 | @achi |
| 102 | @aCN@b110000 | |
| 105 | @ay zq 000yy | |
| 200 | 1 | @a2008年版全国造价工程师执业资格考试应试指南@A2008 nian ban quan guo zao jia gong cheng shi zhi ye zi ge kao shi ying shi zhi nan@i工程造价计价与控制@f尹贻林主编@Fyin yi lin zhu bian@g柯洪, 杨红雄编@Gke hong,yang hong xiong bian |
| 205 | @a第2版 | |
| 210 | @a北京@c中国计划出版社@d2008.04 | |
| 215 | @a227页@d26cm | |
| 330 | @a本书配有考前培训资深教师的针对性分析,习题囊括覆盖近千道题目,配有多套模拟自测题和2005、2006、2007年全国造价工程师执业资格考试试题。 | |
| 517 | 1 | @a工程造价计价与控制@Agong cheng zao jia ji jia yu kong zhi |
| 606 | 0 | @a建筑工程@x工程造价@x考核@j自学参考资料 |
| 690 | @aTU723.3@v4 | |
| 701 | 0 | @a尹贻林@Ayin yi lin@4主编 |
| 702 | 0 | @a柯洪@Ake hong@4编 |
| 702 | 0 | @a杨红雄@Ayang hong xiong@4编 |
| 801 | @c20100515 | |
| 905 | @dTU723.3@eY605=4@f5 | |
| 2008年版全国造价工程师执业资格考试应试指南.工程造价计价与控制/尹贻林主编/柯洪, 杨红雄编.-第2版.-北京:中国计划出版社,2008.04 |
| 227页;26cm |
| ISBN 978-7-80177-442-2:CNY30.00 |
| 本书配有考前培训资深教师的针对性分析,习题囊括覆盖近千道题目,配有多套模拟自测题和2005、2006、2007年全国造价工程师执业资格考试试题。 |
| ● |
| 相关链接 |
|
|
|
正题名:2008年版全国造价工程师执业资格考试应试指
索取号:TU723.3/Y605=4
 
预约/预借
| 序号 | 登录号 | 条形码 | 馆藏地/架位号 | 状态 | 备注 |
| 1 | 1026434 | 210264346 | 建筑库201/201建筑库 38排3列2层/ [索取号:TU723.3/Y605=4] | 在馆 | |
| 2 | 1026435 | 210264355 | 管理学院资料室/101建筑库 63排5列1层/ [索取号:TU723.3/Y605=4] | 在馆 | |
| 3 | 1026436 | 210264364 | 管理学院资料室/101建筑库 63排5列1层/ [索取号:TU723.3/Y605=4] | 在馆 | |
| 4 | 1026437 | 210264373 | 建筑库201/201建筑库 38排3列2层/ [索取号:TU723.3/Y605=4] | 在馆 | |
| 5 | 1026438 | 210264382 | 建筑库201/201建筑库 38排3列2层/ [索取号:TU723.3/Y605=4] | 在馆 |